|
|
|
|
| LEADER |
00000cam a2200000 7i4500 |
| 001 |
0000203594 |
| 005 |
20160815.0 |
| 020 |
|
|
|a 9780061780066
|
| 090 |
0 |
0 |
|a 782.42164092
|b LEH
|
| 100 |
1 |
|
|a Lehman, David
|
| 245 |
1 |
0 |
|a Sinatra's century :
|b one hundred notes on the man and his world
|c David Lehman
|
| 260 |
|
|
|a New York :
|b HarperCollins Publishers ,
|c 2015
|
| 300 |
|
|
|a 268p. ;
|c 22cm.
|
| 600 |
0 |
0 |
|a Sinatra, Frank, 1915-1998
|
| 650 |
0 |
0 |
|a Motion picture actors and actresses
|z United States
|x Biography
|
| 650 |
0 |
0 |
|a Singer
|z United States
|x Biography
|
| 999 |
|
|
|a 00327485
|b BUKU
|c PINJAMAN
|e PERPUSTAKAAN KOMUNITI PETALING JAYA
|